header

Advanced reader of contemporary Chinese short stories (Record no. 36394)

MARC details
000 -LEADER
fixed length control field 01661nam a2200385 a 4500
082 04 - DEWEY DECIMAL CLASSIFICATION NUMBER
Classification number 495.1/86421
245 00 - TITLE STATEMENT
Title Advanced reader of contemporary Chinese short stories
260 ## - PUBLICATION, DISTRIBUTION, ETC. (IMPRINT)
Place of publication Seattle, Wash. :
Name of publisher University of Washington Press,
Year of publication c2003.
300 ## - PHYSICAL DESCRIPTION
Number of Pages x, 287 p.
500 ## - GENERAL NOTE
General note Parallel title in Chinese characters.
General note Includes index.
650 #0 - SUBJECT ADDED ENTRY--TOPICAL TERM
Topical Term Short stories, Chinese.
Topical Term Chinese language
Topical Term Chinese language
700 1# - ADDED ENTRY--PERSONAL NAME
Personal name Wang, Ying.
Personal name Reed, Carrie E.
856 40 - ELECTRONIC LOCATION AND ACCESS
Uniform Resource Identifier http://site.ebrary.com/lib/rucke/Doc?id=10738808

No items available.

© 2026 Rongo University
Contact us: librarian | system librarian | Rongo university